The Book of Signs : (Record no. 608270)

MARC details
000 -LEADER
fixed length control field 00488nam a2200193 a 4500
008 - FIXED-LENGTH DATA ELEMENTS--GENERAL INFORMATION
fixed length control field 260111s1955##################000#0#eng##
020 ## - INTERNATIONAL STANDARD BOOK NUMBER
ISBN 9780486201627
082 04 - DEWEY DECIMAL CLASSIFICATION NUMBER
Classification number 302.2223
Item number KOC
100 1# - MAIN ENTRY--AUTHOR NAME
Personal name Koch, Rudolf,
245 10 - TITLE STATEMENT
Title The Book of Signs :
260 ## - PUBLICATION, DISTRIBUTION, ETC. (IMPRINT)
Name of publisher Courier Corporation,
Year of publication 1955.
300 ## - PHYSICAL DESCRIPTION
Number of Pages 114 pages
650 #0 - SUBJECT ADDED ENTRY--TOPICAL TERM
Topical Term Design.
942 ## - ADDED ENTRY ELEMENTS (KOHA)
Koha item type English Books
Holdings
Withdrawn status Lost status Damaged status Not for loan Home library Current library Shelving location Date acquired Full call number Accession Number Price effective from Koha item type
        Anna Centenary Library Anna Centenary Library 3RD FLOOR, B WING 12.01.2026 302.2223 KOC 403165 12.01.2026 English Books
        Anna Centenary Library Anna Centenary Library 3RD FLOOR, B WING 12.01.2026 302.2223 KOC 403164 12.01.2026 English Books

Find us on the map